| 000 | 00515nam a2200169 a 4500 | ||
|---|---|---|---|
| 005 | 20140310183310.0 | ||
| 008 | 050915s19uu xx 00 eng d | ||
| 020 | _a9781582553214 | ||
| 050 |
_aRM 301.12 _b.Sp769 2005 |
||
| 245 |
_aSpringhouse: _bnurse's drug guide 2005 / |
||
| 260 |
_aPhiladelphia : _bLippincott Williams & Wilkins, _c2005. |
||
| 300 |
_a1454 p. : _c22 cm. |
||
| 650 |
_aDrug _xhandbooks, manuals, etc. |
||
| 650 |
_aNursing _xhandbooks, manuals, etc. |
||
| 942 |
_cBK _2lcc _kFOR |
||
| 999 |
_c21130 _d21130 |
||